MARC

LEADER 00000nam0a2200000 4500
001 254796
005 20231101232952.0
010 |a 528200674X 
020 |a RU  |b 89-54045 
035 |a (RuTPU)RU\TPU\book\277285 
090 |a 254796 
100 |a 20140324d1989 k a0rusy5003 ca 
101 0 |a rus 
102 |a RU 
105 |a a z 001zy 
200 1 |a Методы и модели АСПР: итоги и перспективы  |f под ред. Безрукова, Т. К. Кравченко 
210 |a Москва  |c Экономика  |d 1989 
215 |a 239 с.  |c ил. 
320 |a Библиогр. в конце глав. 
606 1 |a Планирование народного хозяйства  |x Математические методы  |2 stltpush  |3 (RuTPU)RU\TPU\subj\65962  |9 82268 
610 1 |a автоматизированные системы управления 
610 1 |a автоматизированные системы планирования 
610 1 |a АСПР 
610 1 |a обработка данных 
610 1 |a экономико-статистические подходы 
610 1 |a балансовые методы 
610 1 |a принятие решений 
686 |a У9(2)230.31  |2 rubbk 
702 1 |a Безруков  |b В. Б.  |4 340 
702 1 |a Кравченко  |b Т. К.  |4 340 
801 0 |a RU  |b RuMRKP  |c 19950417  |g psbo 
801 1 |a RU  |b 63413507  |c 20140324 
801 2 |a RU  |b 63413507  |c 20140523  |g RCR 
942 |c BK